[Event "Madrid ch - Final 2018"]
[Site "Madrid ESP"]
[Date "2018.05.29"]
[Round "4.8"]
[White "Lopez de Turiso, Jose Angel"]
[Black "Pastor Alonso de Prado, Emilio Alberto"]
[Result "0-1"]
[WhiteElo "2022"]
[BlackElo "2148"]
[PlyCount "116"]
[EventDate "2018.05.26"]
[EventType "swiss"]
[EventRounds "7"]
[EventCountry "ESP"]
[SourceTitle "Ajedrez en Madrid"]
[Source "lmi"]
[SourceDate "2018.05.26"]
[SourceVersion "1"]
[SourceVersionDate "2018.06.02"]
[SourceQuality "1"]

1. d4 d5 2. c4 e6 3. Nc3 Be7 4. cxd5 exd5 5. Bf4 c6 6. Qc2 g6 7. e3 Bf5 8. Qd2
Nf6 9. f3 h5 10. Bd3 Bxd3 11. Qxd3 Na6 12. Nh3 O-O 13. O-O Nc7 14. Rae1 Re8 15.
Be5 Bd6 16. f4 Ng4 17. Nf2 f5 18. h3 Nh6 19. Qd1 Bxe5 20. fxe5 Ne6 21. Nd3 Kg7
22. b4 Qh4 23. Nf4 Nf7 24. Qf3 Nfg5 25. Qf2 Qxf2+ 26. Rxf2 Nxf4 27. exf4 Ne6
28. Rd1 h4 29. Rf3 Rf8 30. Kf2 g5 31. fxg5 Kg6 32. Ke3 f4+ 33. Kd3 Nxg5 34. Rf2
f3 35. Rg1 Kh5 36. gxf3 Nxh3 37. Rgg2 Nf4+ 38. Ke3 Nxg2+ 39. Rxg2 h3 40. Rg7
Rh8 41. Ne2 Kh6 42. Rg1 Rag8 43. Rh1 Kg5 44. f4+ Kg4 45. Rh2 Rh4 46. Kf2 Rf8
47. Ke3 Rh7 48. a3 b5 49. Kf2 Rxf4+ 50. Nxf4 Kxf4 51. Kg1 Ke3 52. Rc2 Rh6 53.
Rf2 Rg6+ 54. Kf1 Kxd4 55. Rh2 Rh6 56. e6 Rxe6 57. Rxh3 a6 58. Rh7 Kc3 0-1

[Event "Madrid ch - Final 2018"]
[Site "Madrid ESP"]
[Date "2018.05.29"]
[Round "4.9"]
[White "Mkrtchyan, Levon"]
[Black "Pindado Campos, Raul"]
[Result "1-0"]
[WhiteElo "2141"]
[BlackElo "2018"]
[PlyCount "141"]
[EventDate "2018.05.26"]
[EventType "swiss"]
[EventRounds "7"]
[EventCountry "ESP"]
[SourceTitle "Ajedrez en Madrid"]
[Source "lmi"]
[SourceDate "2018.05.26"]
[SourceVersion "1"]
[SourceVersionDate "2018.06.02"]
[SourceQuality "1"]

1. e4 c5 2. Nf3 d6 3. d4 cxd4 4. Nxd4 Nf6 5. Nc3 a6 6. Bc4 e6 7. Bb3 Nbd7 8.
Bg5 Qa5 9. Qd2 Nc5 10. f3 Be7 11. O-O-O Bd7 12. Kb1 b5 13. a3 Qc7 14. Rhe1 O-O
15. Ba2 Rab8 16. Nb3 Rfd8 17. Bf4 e5 18. Bg5 Na4 19. Bxf6 Nxc3+ 20. Qxc3 Qxc3
21. bxc3 gxf6 22. Na5 Rdc8 23. Re3 f5 24. Bd5 f4 25. Red3 Rc5 26. Kc1 Be8 27.
Kd2 Bd8 28. Nb7 Rxd5 29. Rxd5 Rxb7 30. Rxd6 Bb6 31. Kc1 a5 32. R1d5 Bc7 33. Ra6
Kf8 34. Kb2 a4 35. g3 fxg3 36. hxg3 Ke7 37. Rh6 Bd7 38. Rxh7 Be6 39. Rd3 Bc4
40. Rd2 Bb6 41. Rh5 Be3 42. Rxe5+ Kf6 43. Rf5+ Ke6 44. Rd8 Ke7 45. Rd1 Rb6 46.
Re5+ Re6 47. Rxe6+ Kxe6 48. Rh1 Bf2 49. Rh3 Be1 50. f4 Bf2 51. g4 Be1 52. Rh6+
Ke7 53. g5 Bg3 54. Rf6 Bf2 55. Rh6 Bg3 56. f5 Bf4 57. Rh5 Be2 58. Rh7 Bxg5 59.
e5 Bc4 60. e6 Ke8 61. Rxf7 Bf4 62. Rb7 Be5 63. Rh7 Bf6 64. Rh6 Bg7 65. Rh7 Bf6
66. Rf7 Bh8 67. f6 Bd5 68. c4 Bxc4 69. Kc3 Ba2 70. Kb4 Bb1 71. Rg7 1-0

[Event "Madrid ch - Final 2018"]
[Site "Madrid ESP"]
[Date "2018.05.29"]
[Round "4.10"]
[White "Fernandez Aransay, Fernando"]
[Black "Sanchez Garcia, Aurelio"]
[Result "0-1"]
[WhiteElo "1871"]
[BlackElo "2060"]
[PlyCount "94"]
[EventDate "2018.05.26"]
[EventType "swiss"]
[EventRounds "7"]
[EventCountry "ESP"]
[SourceTitle "Ajedrez en Madrid"]
[Source "lmi"]
[SourceDate "2018.05.26"]
[SourceVersion "1"]
[SourceVersionDate "2018.06.02"]
[SourceQuality "1"]

1. e4 g6 2. d4 Bg7 3. Nc3 d6 4. Be3 a6 5. Qd2 b5 6. O-O-O Nf6 7. f3 c6 8. h4 h5
9. Kb1 Qc7 10. Nge2 Nbd7 11. Nf4 Nb6 12. e5 Nfd5 13. e6 Nxc3+ 14. Qxc3 Bxe6 15.
Nxe6 fxe6 16. Bd3 Nd5 17. Bxg6+ Kd7 18. Qd2 b4 19. Be4 Qa5 20. Bxd5 Qxd5 21.
Rhe1 a5 22. Bf4 Rhf8 23. Bh6 Bxh6 24. Qxh6 Rf6 25. Qd2 Rg8 26. Re2 Qc4 27. Rde1
Rgg6 28. Re3 Rf4 29. Re4 Rxe4 30. fxe4 Rg4 31. Qf2 a4 32. d5 c5 33. dxe6+ Qxe6
34. e5 Qd5 35. g3 a3 36. Qf5+ Qe6 37. Qf1 Qc4 38. Qf5+ Qe6 39. Qxh5 Rxg3 40.
Kc1 axb2+ 41. Kb1 Ra3 42. Kxb2 Qxa2+ 43. Kc1 Qa1+ 44. Kd2 Qd4+ 45. Ke2 Re3+ 46.
Kf1 Qf4+ 47. Kg2 Rxe1 0-1

[Event "Madrid ch - Final 2018"]
[Site "Madrid ESP"]
[Date "2018.05.29"]
[Round "4.11"]
[White "Barragan Arriaza, Pablo"]
[Black "Santamaria Baeza, Adolfo"]
[Result "1-0"]
[WhiteElo "2030"]
[BlackElo "1901"]
[PlyCount "99"]
[EventDate "2018.05.26"]
[EventType "swiss"]
[EventRounds "7"]
[EventCountry "ESP"]
[SourceTitle "Ajedrez en Madrid"]
[Source "lmi"]
[SourceDate "2018.05.26"]
[SourceVersion "1"]
[SourceVersionDate "2018.06.02"]
[SourceQuality "1"]

1. c4 Nf6 2. g3 e5 3. Bg2 Nc6 4. d3 Bc5 5. Nc3 O-O 6. e3 d6 7. Nge2 Bg4 8. h3
Bh5 9. O-O Re8 10. a3 a5 11. Rb1 Qc8 12. Na4 Ba7 13. b4 axb4 14. g4 Bg6 15.
axb4 Nd8 16. b5 h5 17. b6 Bb8 18. g5 Nh7 19. e4 Ne6 20. h4 Qd7 21. Nec3 cxb6
22. Nd5 Bc7 23. f4 Nxf4 24. Nxf4 exf4 25. Bxf4 Bd8 26. Qf3 Nf8 27. Nxb6 Bxb6+
28. Rxb6 Ra6 29. Rfb1 Rxb6 30. Rxb6 Re6 31. Bh3 Qc7 32. Qe3 Nd7 33. Rb5 Re8 34.
Bxd7 Qxd7 35. Qg3 Ra8 36. Bxd6 Ra1+ 37. Kf2 Qc6 38. Be5 Rh1 39. Kg2 Bxe4+ 40.
Kf2 Bg6 41. Rd5 Qa4 42. Kg2 Qd1 43. Qf2 Qg4+ 44. Kxh1 Bf5 45. Bg3 Be6 46. Rd4
Qh3+ 47. Kg1 Kh7 48. Rf4 Bc8 49. Rxf7 Qg4 50. Qf3 1-0

[Event "Madrid ch - Final 2018"]
[Site "Madrid ESP"]
[Date "2018.05.30"]
[Round "5.1"]
[White "Espinosa Aranda, Angel"]
[Black "Moreno Ruiz, Javier"]
[Result "1/2-1/2"]
[WhiteElo "2465"]
[BlackElo "2447"]
[PlyCount "27"]
[EventDate "2018.05.26"]
[EventType "swiss"]
[EventRounds "7"]
[EventCountry "ESP"]
[SourceTitle "Ajedrez en Madrid"]
[Source "lmi"]
[SourceDate "2018.05.26"]
[SourceVersion "1"]
[SourceVersionDate "2018.06.02"]
[SourceQuality "1"]

1. e4 e6 2. d4 d5 3. exd5 exd5 4. Nf3 Nc6 5. Bb5 Bd6 6. c4 dxc4 7. d5 a6 8. Ba4
b5 9. dxc6 bxa4 10. O-O Ne7 11. Nbd2 Be6 12. Qxa4 Bd5 13. Nxc4 Bxc6 14. Nxd6+
1/2-1/2

[Event "Madrid ch - Final 2018"]
[Site "Madrid ESP"]
[Date "2018.05.30"]
[Round "5.2"]
[White "Perez Gonzalez, Jose Manuel"]
[Black "Pulvett Marin, Daniel Eduardo"]
[Result "1/2-1/2"]
[WhiteElo "2252"]
[BlackElo "2455"]
[PlyCount "92"]
[EventDate "2018.05.26"]
[EventType "swiss"]
[EventRounds "7"]
[EventCountry "ESP"]
[SourceTitle "Ajedrez en Madrid"]
[Source "lmi"]
[SourceDate "2018.05.26"]
[SourceVersion "1"]
[SourceVersionDate "2018.06.02"]
[SourceQuality "1"]

1. e4 c5 2. Nc3 Nc6 3. Nf3 e6 4. d4 cxd4 5. Nxd4 Qc7 6. Be3 a6 7. Qd2 Nf6 8.
O-O-O Be7 9. f3 b5 10. g4 Nxd4 11. Bxd4 Bb7 12. Bd3 Rc8 13. g5 Nh5 14. Ne2 O-O
15. Rdg1 g6 16. Rg4 e5 17. Be3 d5 18. Ng3 Nf4 19. Kb1 Nxd3 20. cxd3 Rfd8 21. h4
d4 22. Bf2 Rd6 23. Ne2 Rc6 24. Rc1 Rxc1+ 25. Nxc1 b4 26. Rg1 a5 27. Ne2 Ba6 28.
Rc1 Qb7 29. Bg3 Rc3 30. Bxe5 Qb5 31. Bxd4 Qxd3+ 32. Qxd3 Bxd3+ 33. Ka1 Rxc1+
34. Nxc1 Bf1 35. Nb3 a4 36. Bc5 Kf8 37. Bxe7+ Kxe7 38. Nc5 Kd6 39. Nxa4 Ke5 40.
Nb6 Kf4 41. Nd5+ Kg3 42. Nf6 Kxh4 43. Nxh7 Bg2 44. e5 Bh3 45. b3 Kg3 46. Kb2
Kxf3 1/2-1/2

[Event "Madrid ch - Final 2018"]
[Site "Madrid ESP"]
[Date "2018.05.30"]
[Round "5.3"]
[White "Cabañas Bravo, Juan Andres"]
[Black "Martin Duque, Jesus"]
[Result "0-1"]
[WhiteElo "1936"]
[BlackElo "2377"]
[PlyCount "106"]
[EventDate "2018.05.26"]
[EventType "swiss"]
[EventRounds "7"]
[EventCountry "ESP"]
[SourceTitle "Ajedrez en Madrid"]
[Source "lmi"]
[SourceDate "2018.05.26"]
[SourceVersion "1"]
[SourceVersionDate "2018.06.02"]
[SourceQuality "1"]

1. e4 c5 2. Nf3 Nc6 3. d4 cxd4 4. Nxd4 Qb6 5. Nb3 Nf6 6. Nc3 e6 7. Be3 Qc7 8.
Qd2 Bb4 9. f3 d5 10. a3 Bxc3 11. Qxc3 dxe4 12. fxe4 O-O 13. Bd3 Ng4 14. Bc5 Rd8
15. O-O-O b6 16. Bg1 Bb7 17. h3 Nge5 18. Bh2 Rac8 19. Kb1 f6 20. Nc1 Qe7 21.
Qb3 Nd4 22. Qb4 Qxb4 23. axb4 Nxd3 24. cxd3 Nc2 25. Na2 Ne3 26. Rc1 Rxc1+ 27.
Rxc1 Rxd3 28. Nc3 Nxg2 29. Bb8 a6 30. e5 Rxh3 31. exf6 gxf6 32. Na4 Be4+ 33.
Ka1 Ne3 34. Bd6 b5 35. Nc5 Nc2+ 36. Kb1 Bg6 37. Rg1 Nxb4+ 38. Ka1 Kf7 39. Nb7
Nc2+ 40. Ka2 Ke8 41. b4 e5 42. Bc5 Nd4 43. Rf1 Rf3 44. Rd1 Rd3 45. Rf1 Nf3 46.
Rf2 h5 47. Rg2 Rd2+ 48. Rxd2 Nxd2 49. Bf2 Ne4 50. Be1 Bf7+ 51. Ka3 Bd5 52. Nc5
Nxc5 53. bxc5 f5 0-1

[Event "Madrid ch - Final 2018"]
[Site "Madrid ESP"]
[Date "2018.05.30"]
[Round "5.4"]
[White "Roa Alonso, Santiago"]
[Black "Candela Perez, Jose"]
[Result "1-0"]
[WhiteElo "2355"]
[BlackElo "2353"]
[PlyCount "107"]
[EventDate "2018.05.26"]
[EventType "swiss"]
[EventRounds "7"]
[EventCountry "ESP"]
[SourceTitle "Ajedrez en Madrid"]
[Source "lmi"]
[SourceDate "2018.05.26"]
[SourceVersion "1"]
[SourceVersionDate "2018.06.02"]
[SourceQuality "1"]

1. e4 c5 2. Nf3 d6 3. d4 cxd4 4. Nxd4 Nf6 5. Nc3 a6 6. Be2 e6 7. O-O Be7 8. f4
Qc7 9. Kh1 O-O 10. Be3 Nc6 11. Qe1 Bd7 12. Qg3 b5 13. a3 b4 14. axb4 Nxb4 15.
Bd3 Nxd3 16. cxd3 Qb7 17. Rf2 d5 18. e5 Ne8 19. f5 exf5 20. Raf1 g6 21. Nxf5
Bxf5 22. Rxf5 Ng7 23. R5f2 Rad8 24. Bh6 Qc6 25. Qg4 f5 26. exf6 Rxf6 27. Rxf6
Bxf6 28. Bg5 Bxg5 29. Qxg5 Ne6 30. Qe7 Qd7 31. Qb4 Qd6 32. Qg4 Rf8 33. Rxf8+
Kxf8 34. Qf3+ Kg7 35. Qxd5 Qxd5 36. Nxd5 Nc5 37. b4 Nxd3 38. Kg1 Kf7 39. Kf1
Ke6 40. Nc7+ Kd6 41. Nxa6 Kc6 42. Ke2 Ne5 43. Nc5 Kb5 44. Nd3 Nc6 45. Ke3 Kc4
46. Ke4 Ne7 47. g4 Nc8 48. h4 Nd6+ 49. Ke5 Ne8 50. Nf4 Kxb4 51. Nd5+ Kc4 52.
Nf6 Nc7 53. Nxh7 Nd5 54. Nf8 1-0

[Event "Madrid ch - Final 2018"]
[Site "Madrid ESP"]
[Date "2018.05.30"]
[Round "5.5"]
[White "Nuñez Muñoz, Jesus"]
[Black "Martinez Fernandez, Raul"]
[Result "0-1"]
[WhiteElo "2193"]
[BlackElo "2176"]
[PlyCount "58"]
[EventDate "2018.05.26"]
[EventType "swiss"]
[EventRounds "7"]
[EventCountry "ESP"]
[SourceTitle "Ajedrez en Madrid"]
[Source "lmi"]
[SourceDate "2018.05.26"]
[SourceVersion "1"]
[SourceVersionDate "2018.06.02"]
[SourceQuality "1"]

1. e4 e5 2. Nf3 Nc6 3. Bb5 Nge7 4. c3 a6 5. Ba4 d6 6. d4 Bd7 7. O-O Ng6 8. Be3
Be7 9. Nbd2 h6 10. Re1 Bg5 11. Nf1 Qf6 12. d5 Nb8 13. Bxd7+ Nxd7 14. b4 Bxe3
15. Nxe3 O-O 16. g3 Ne7 17. Kg2 Qg6 18. Qd3 Qh7 19. c4 f5 20. exf5 Nxf5 21.
Rad1 g5 22. h3 e4 23. Nxg5 hxg5 24. Qc2 Ne5 25. Ng4 e3 26. Re2 exf2 27. Qc3
Nxg4 28. hxg4 Nh6 29. Qd4 Qf7 0-1

[Event "Madrid ch - Final 2018"]
[Site "Madrid ESP"]
[Date "2018.05.30"]
[Round "5.6"]
[White "Fernandez Lledo, Javier"]
[Black "Mkrtchyan, Levon"]
[Result "1-0"]
[WhiteElo "2241"]
[BlackElo "2141"]
[PlyCount "63"]
[EventDate "2018.05.26"]
[EventType "swiss"]
[EventRounds "7"]
[EventCountry "ESP"]
[SourceTitle "Ajedrez en Madrid"]
[Source "lmi"]
[SourceDate "2018.05.26"]
[SourceVersion "1"]
[SourceVersionDate "2018.06.02"]
[SourceQuality "1"]

1. e4 e6 2. d4 d5 3. Nc3 Bb4 4. e5 c5 5. a3 Bxc3+ 6. bxc3 Ne7 7. Qg4 O-O 8. Bd3
Nbc6 9. Qh5 Ng6 10. Nh3 Qc7 11. Be3 c4 12. Bxg6 fxg6 13. Qg4 Qf7 14. a4 Bd7 15.
Nf4 Ne7 16. g3 Qf5 17. Qe2 g5 18. g4 Qf7 19. Nh5 h6 20. h4 gxh4 21. f4 Ng6 22.
Kd2 Qe7 23. Rhg1 Be8 24. Raf1 Qd7 25. f5 exf5 26. Bxh6 fxg4 27. Bxg7 Rxf1 28.
Rxf1 Nf4 29. Nf6+ Kxg7 30. Rxf4 Qe6 31. Rxg4+ Bg6 32. Rxg6+ 1-0

[Event "Madrid ch - Final 2018"]
[Site "Madrid ESP"]
[Date "2018.05.30"]
[Round "5.7"]
[White "De La Fuente Gonzalez, Francisco"]
[Black "Barragan Arriaza, Pablo"]
[Result "1-0"]
[WhiteElo "2213"]
[BlackElo "2030"]
[PlyCount "125"]
[EventDate "2018.05.26"]
[EventType "swiss"]
[EventRounds "7"]
[EventCountry "ESP"]
[SourceTitle "Ajedrez en Madrid"]
[Source "lmi"]
[SourceDate "2018.05.26"]
[SourceVersion "1"]
[SourceVersionDate "2018.06.02"]
[SourceQuality "1"]

1. Nf3 Nf6 2. c4 c6 3. g3 d5 4. b3 Bf5 5. Bb2 e6 6. Bg2 Be7 7. O-O O-O 8. d3 h6
9. Nbd2 Nbd7 10. Qc2 Bh7 11. a3 a5 12. Bc3 b5 13. cxb5 cxb5 14. b4 Rc8 15. Qb3
a4 16. Qb2 Nb6 17. Rac1 Qd7 18. Bd4 Qb7 19. Ne5 Rfd8 20. Rxc8 Rxc8 21. Rc1
Rxc1+ 22. Qxc1 Nfd7 23. Qc6 Qxc6 24. Nxc6 Nc8 25. Nb1 Kf8 26. Nc3 Nd6 27. Bxg7+
Kxg7 28. Nxe7 Nb8 29. Bxd5 exd5 30. Nexd5 Na6 31. e4 f6 32. f4 Bg8 33. Ne7 Be6
34. Nc6 Nc7 35. Kf2 Kf7 36. Ke3 Bd7 37. Nd4 Ke7 38. Nf3 Bg4 39. Nd2 Be6 40. d4
Nc4+ 41. Nxc4 Bxc4 42. d5 Na6 43. Kd4 Bf1 44. Nd1 Bh3 45. Ne3 h5 46. e5 fxe5+
47. fxe5 Bg4 48. Ng2 Kd7 49. Nf4 Ke7 50. d6+ Kd7 51. Nd5 Ke6 52. Nf4+ Kd7 53.
h3 Bf3 54. Ng6 Ke6 55. Nf8+ Kf7 56. Nh7 Be2 57. Ng5+ Ke8 58. e6 Nb8 59. Kc5 Bc4
60. Kb6 Nd7+ 61. Kc7 Bxe6 62. Nxe6 Ne5 63. Nc5 1-0

[Event "Madrid ch - Final 2018"]
[Site "Madrid ESP"]
[Date "2018.05.30"]
[Round "5.8"]
[White "Pastor Alonso de Prado, Emilio Alberto"]
[Black "Iagar, Razvan-Gabriel"]
[Result "1-0"]
[WhiteElo "2148"]
[BlackElo "2213"]
[PlyCount "77"]
[EventDate "2018.05.26"]
[EventType "swiss"]
[EventRounds "7"]
[EventCountry "ESP"]
[SourceTitle "Ajedrez en Madrid"]
[Source "lmi"]
[SourceDate "2018.05.26"]
[SourceVersion "1"]
[SourceVersionDate "2018.06.02"]
[SourceQuality "1"]

1. e4 e6 2. d4 d5 3. e5 c5 4. c3 Nc6 5. Nf3 Qb6 6. Be2 cxd4 7. cxd4 Nh6 8. Nc3
Nf5 9. Na4 Qa5+ 10. Kf1 b5 11. Nc3 b4 12. Nb5 h5 13. Bf4 Bd7 14. a3 bxa3 15.
Nxa3 Qb6 16. Nb5 a5 17. g3 Nxe5 18. Nc7+ Qxc7 19. Nxe5 Bd6 20. Bxh5 Bb5+ 21.
Kg2 g6 22. Bg4 Qb6 23. h4 Be7 24. Bxf5 gxf5 25. Rc1 Bd6 26. h5 Qa6 27. h6 Rh7
28. Qh5 Kf8 29. Nxf7 Bxf4 30. gxf4 Be8 31. Qg6 Qe2 32. Rh4 Bxf7 33. Qxh7 Qe4+
34. Kg1 Qxd4 35. Rc7 Qf6 36. Kf1 Rb8 37. Rh3 Rxb2 38. Qg7+ Qxg7 39. Rc8+ 1-0

[Event "Madrid ch - Final 2018"]
[Site "Madrid ESP"]
[Date "2018.05.30"]
[Round "5.9"]
[White "Sanchez Garcia, Aurelio"]
[Black "Lin, Yingrui"]
[Result "1/2-1/2"]
[WhiteElo "2060"]
[BlackElo "2188"]
[PlyCount "96"]
[EventDate "2018.05.26"]
[EventType "swiss"]
[EventRounds "7"]
[EventCountry "ESP"]
[SourceTitle "Ajedrez en Madrid"]
[Source "lmi"]
[SourceDate "2018.05.26"]
[SourceVersion "1"]
[SourceVersionDate "2018.06.02"]
[SourceQuality "1"]

1. Nf3 Nf6 2. c4 b6 3. g3 Bb7 4. Bg2 e6 5. O-O Be7 6. d4 d6 7. Nc3 Ne4 8. Nxe4
Bxe4 9. Ne1 Bxg2 10. Nxg2 c5 11. d5 exd5 12. Qxd5 Nd7 13. Bf4 O-O 14. Bxd6 Nf6
15. Bxe7 Qxe7 16. Qf3 Ne4 17. Rfd1 Rae8 18. Ne3 Ng5 19. Qg2 Qe6 20. h4 Nh3+ 21.
Kf1 Nxf2 22. Qxf2 Qxe3 23. Qxe3 Rxe3 24. Rd3 Re4 25. b3 Rfe8 26. Re1 f5 27. e3
R8e7 28. Kf2 g6 29. Rd5 Kg7 30. h5 Kh6 31. hxg6 hxg6 32. Rd3 Kg5 33. Rh1 R7e6
34. Rh7 a6 35. a4 b5 36. axb5 axb5 37. cxb5 Rb6 38. Rc7 Rxb5 39. Rc3 Re5 40.
Kf3 Ra5 41. Rc6 Rd5 42. e4 fxe4+ 43. Kxe4 Rf5 44. Rd3 Ra1 45. Rdd6 Re1+ 46. Kd3
Rd1+ 47. Ke4 Re1+ 48. Kd3 Rd1+ 1/2-1/2

[Event "Madrid ch - Final 2018"]
[Site "Madrid ESP"]
[Date "2018.05.30"]
[Round "5.10"]
[White "Rodrigo Yanguas, Maria"]
[Black "Perez Diez, Victor"]
[Result "1-0"]
[WhiteElo "2054"]
[BlackElo "1964"]
[PlyCount "135"]
[EventDate "2018.05.26"]
[EventType "swiss"]
[EventRounds "7"]
[EventCountry "ESP"]
[SourceTitle "Ajedrez en Madrid"]
[Source "lmi"]
[SourceDate "2018.05.26"]
[SourceVersion "1"]
[SourceVersionDate "2018.06.02"]
[SourceQuality "1"]

1. e4 e5 2. Nf3 Nf6 3. Nxe5 d6 4. Nf3 Nxe4 5. c4 Nc6 6. Be2 Be7 7. O-O O-O 8.
d4 d5 9. Nc3 Nxc3 10. bxc3 dxc4 11. Bxc4 Bf5 12. Re1 h6 13. a4 Bd6 14. a5 b6
15. axb6 cxb6 16. Ba3 Na5 17. Ba6 Bxa3 18. Rxa3 Qd6 19. Ra1 Qc6 20. Re3 Nc4 21.
Bxc4 Qxc4 22. Ne5 Qc7 23. Qf3 Bh7 24. Nc6 a5 25. Re7 Qd6 26. Rb7 Rae8 27. Ne5
Re7 28. Nc4 Qe6 29. Rxe7 Qxe7 30. Nxb6 Re8 31. h3 Be4 32. Qg3 Qe6 33. Na4 Ra8
34. Re1 Qc6 35. Nc5 Bd5 36. Ra1 a4 37. Ra3 Qb5 38. Qd6 Qb2 39. Rxa4 Rxa4 40.
Nxa4 Qa1+ 41. Kh2 Be6 42. Qb4 Qe1 43. Qb8+ Kh7 44. Qg3 Bd5 45. Nc5 Qe2 46. Qd3+
Qxd3 47. Nxd3 g5 48. Nb4 Bc4 49. Kg3 Kg6 50. Kf3 Kf5 51. g3 Bb3 52. Ke3 h5 53.
Kd3 h4 54. gxh4 gxh4 55. c4 Kf4 56. d5 Ke5 57. Nc6+ Kf6 58. Kd4 Bc2 59. Ne5 Bf5
60. Nf3 Bxh3 61. Nxh4 Ke7 62. c5 Kd7 63. Nf3 f6 64. Nd2 Ke7 65. Ne4 Bc8 66. c6
Bh3 67. Kc5 Bg2 68. d6+ 1-0

[Event "Madrid ch - Final 2018"]
[Site "Madrid ESP"]
[Date "2018.05.30"]
[Round "5.11"]
[White "Santamaria Baeza, Adolfo"]
[Black "Lopez de Turiso, Jose Angel"]
[Result "1-0"]
[WhiteElo "1901"]
[BlackElo "2022"]
[PlyCount "175"]
[EventDate "2018.05.26"]
[EventType "swiss"]
[EventRounds "7"]
[EventCountry "ESP"]
[SourceTitle "Ajedrez en Madrid"]
[Source "lmi"]
[SourceDate "2018.05.26"]
[SourceVersion "1"]
[SourceVersionDate "2018.06.02"]
[SourceQuality "1"]

1. e4 e5 2. Nf3 Nc6 3. Bc4 Nf6 4. d3 Be7 5. Nbd2 O-O 6. c3 d5 7. Bb3 dxe4 8.
dxe4 Bc5 9. O-O Bg4 10. Qe1 Nh5 11. h3 Bxf3 12. Nxf3 Ng3 13. Bg5 Qd3 14. Bd5
Qxf1+ 15. Qxf1 Nxf1 16. Kxf1 Rfe8 17. b4 Be7 18. Be3 Bf6 19. g4 g6 20. h4 Nd8
21. h5 c6 22. Bc4 b5 23. Bb3 a5 24. bxa5 Rxa5 25. g5 Bg7 26. hxg6 hxg6 27. Rd1
Ne6 28. Rd7 Raa8 29. Bb6 Rac8 30. a4 bxa4 31. Bxa4 Ra8 32. Bxc6 Ra6 33. Rb7 Rc8
34. Bd7 Rxc3 35. Be3 Nf4 36. Rb1 Rca3 37. Rb8+ Kh7 38. Kg1 Ra8 39. Rb7 Rd3 40.
Bg4 Kg8 41. Kh2 Ne6 42. Bxe6 fxe6 43. Re7 Ra6 44. Kg2 Rd8 45. Nh4 Kh7 46. Nf3
Rad6 47. Nxe5 Ra8 48. Ng4 Kg8 49. e5 Rc6 50. Nf6+ Kf8 51. Rb7 Rac8 52. Kf3 R6c7
53. Rb6 Kf7 54. Ng4 Bf8 55. Ra6 Rc6 56. Ra7+ R8c7 57. Ra4 Bc5 58. Bf4 Bb6 59.
Rb4 Ba5 60. Rb8 Rb6 61. Ra8 Rb3+ 62. Kg2 Be1 63. Be3 Rcb7 64. Ra4 R3b4 65. Nh6+
Kg7 66. Ra6 R4b5 67. Rxe6 Bc3 68. Kg3 Rd7 69. Ng4 Rbb7 70. Ra6 Bd4 71. e6 Rd5
72. Bf4 Bb2 73. Ne3 Rd8 74. Kg2 Bd4 75. Ng4 Ra7 76. Rc6 Re7 77. Kf3 Rde8 78.
Ke4 Bxf2 79. Be5+ Kg8 80. Nf6+ Kf8 81. Bd6 Kg7 82. Nxe8+ Rxe8 83. Rc7+ Kg8 84.
Kd5 Be3 85. Be7 Bd2 86. Bf6 Bb4 87. Rg7+ Kf8 88. Rh7 1-0

[Event "Madrid ch - Final 2018"]
[Site "Madrid ESP"]
[Date "2018.05.30"]
[Round "5.12"]
[White "Pindado Campos, Raul"]
[Black "Fernandez Aransay, Fernando"]
[Result "1-0"]
[WhiteElo "2018"]
[BlackElo "1871"]
[PlyCount "43"]
[EventDate "2018.05.26"]
[EventType "swiss"]
[EventRounds "7"]
[EventCountry "ESP"]
[SourceTitle "Ajedrez en Madrid"]
[Source "lmi"]
[SourceDate "2018.05.26"]
[SourceVersion "1"]
[SourceVersionDate "2018.06.02"]
[SourceQuality "1"]

1. d4 d5 2. Nf3 Nf6 3. c4 e6 4. Nc3 Be7 5. Bf4 O-O 6. e3 b6 7. Bd3 Bb7 8. cxd5
exd5 9. O-O Nbd7 10. h3 c5 11. Rc1 Re8 12. Nb5 Rc8 13. dxc5 Nxc5 14. Bf5 Ne6
15. Rxc8 Qxc8 16. Nc7 Ne4 17. Nxe8 Qxe8 18. Bxe6 fxe6 19. Qc2 Bc5 20. a3 a5 21.
Be5 Ba6 22. Rb1 1-0

[Event "Madrid ch - Final 2018"]
[Site "Madrid ESP"]
[Date "2018.05.31"]
[Round "6.1"]
[White "Roa Alonso, Santiago"]
[Black "Espinosa Aranda, Angel"]
[Result "1/2-1/2"]
[WhiteElo "2355"]
[BlackElo "2465"]
[PlyCount "45"]
[EventDate "2018.05.26"]
[EventType "swiss"]
[EventRounds "7"]
[EventCountry "ESP"]
[SourceTitle "Ajedrez en Madrid"]
[Source "lmi"]
[SourceDate "2018.05.26"]
[SourceVersion "1"]
[SourceVersionDate "2018.06.02"]
[SourceQuality "1"]

1. e4 c5 2. Nf3 Nc6 3. d4 cxd4 4. Nxd4 g6 5. Nc3 Bg7 6. Nb3 d6 7. Be2 Nf6 8.
O-O O-O 9. Re1 Be6 10. Bg5 Rc8 11. Bf1 h6 12. Bh4 Nd7 13. Rb1 Nb6 14. Nd5 f5
15. Nxb6 Qxb6 16. exf5 Bxf5 17. Bc4+ Kh7 18. Be6 Rce8 19. Bxf5 Rxf5 20. c3 Bf6
21. Bg3 h5 22. Re4 Rf8 23. Qe2 1/2-1/2

[Event "Madrid ch - Final 2018"]
[Site "Madrid ESP"]
[Date "2018.05.31"]
[Round "6.2"]
[White "Pulvett Marin, Daniel Eduardo"]
[Black "Martin Duque, Jesus"]
[Result "1-0"]
[WhiteElo "2455"]
[BlackElo "2377"]
[PlyCount "99"]
[EventDate "2018.05.26"]
[EventType "swiss"]
[EventRounds "7"]
[EventCountry "ESP"]
[SourceTitle "Ajedrez en Madrid"]
[Source "lmi"]
[SourceDate "2018.05.26"]
[SourceVersion "1"]
[SourceVersionDate "2018.06.02"]
[SourceQuality "1"]

1. d4 e6 2. c4 f5 3. Nf3 Nf6 4. Bf4 Be7 5. Nc3 O-O 6. Qc2 d6 7. h3 Na6 8. a3 c6
9. e3 Qa5 10. Qd2 Bd7 11. Bd3 c5 12. O-O Qb6 13. Rab1 Kh8 14. b4 cxb4 15. axb4
Qd8 16. c5 dxc5 17. bxc5 Bc6 18. Bxa6 bxa6 19. Ne5 Qc8 20. Nxc6 Qxc6 21. Qb2
Rfc8 22. Qb7 Bd8 23. Qxc6 Rxc6 24. Rb7 Kg8 25. Ra1 Ne8 26. Na2 Bf6 27. Rab1 e5
28. dxe5 Bd8 29. Rb8 Rc8 30. Rxa8 Rxa8 31. Nb4 g5 32. Bg3 Nc7 33. e6 Nxe6 34.
Bd6 a5 35. Nc6 a6 36. Nd4 Nc7 37. Rb7 Ne8 38. Be5 Rc8 39. Nxf5 Kf8 40. Nd6 Rxc5
41. f4 gxf4 42. exf4 Be7 43. Rb8 Rc1+ 44. Kf2 Bxd6 45. Bxd6+ Kf7 46. Be5 a4 47.
Rb7+ Ke6 48. Rb6+ Kd5 49. Rxa6 Rc4 50. Ra8 1-0

[Event "Madrid ch - Final 2018"]
[Site "Madrid ESP"]
[Date "2018.05.31"]
[Round "6.3"]
[White "Moreno Ruiz, Javier"]
[Black "Martinez Fernandez, Raul"]
[Result "1-0"]
[WhiteElo "2447"]
[BlackElo "2176"]
[PlyCount "67"]
[EventDate "2018.05.26"]
[EventType "swiss"]
[EventRounds "7"]
[EventCountry "ESP"]
[SourceTitle "Ajedrez en Madrid"]
[Source "lmi"]
[SourceDate "2018.05.26"]
[SourceVersion "1"]
[SourceVersionDate "2018.06.02"]
[SourceQuality "1"]

1. d4 d5 2. Bf4 Bf5 3. e3 e6 4. c4 Bxb1 5. Qxb1 Bb4+ 6. Kd1 dxc4 7. Bxc4 Ne7 8.
Nf3 Ng6 9. Bg3 O-O 10. Ke2 Nd7 11. h4 Re8 12. h5 Ngf8 13. Qe4 c6 14. Rac1 Qa5
15. a3 Be7 16. Qc2 Rac8 17. b4 Qd8 18. h6 g6 19. Qb2 Bf6 20. Nd2 b5 21. Ba2 e5
22. Qb3 Ne6 23. d5 Nf4+ 24. Bxf4 exf4 25. dxc6 Ne5 26. Rhd1 Qe7 27. Ne4 Nc4 28.
Rxc4 bxc4 29. Qxc4 Rc7 30. Qxf7+ Qxf7 31. Nxf6+ Kf8 32. Bxf7 Kxf7 33. Nxe8 Kxe8
34. b5 1-0